|
|
|
|
| LEADER |
02235nam a2200445 4500 |
| 001 |
ocn828679953 |
| 003 |
OCoLC |
| 005 |
20170124070623.4 |
| 006 |
m o d |
| 007 |
cr cnu|||unuuu |
| 008 |
130228s2011 enk ob 001 0 eng d |
| 040 |
|
|
|a DG1
|b eng
|c DG1
|d OCLCF
|d YDXCP
|d OCLCQ
|d DG1
|d GrThAP
|
| 020 |
|
|
|a 9781118557761
|q (electronic bk.)
|
| 020 |
|
|
|a 111855776X
|q (electronic bk.)
|
| 029 |
1 |
|
|a AU@
|b 000050718649
|
| 029 |
1 |
|
|a DEBBG
|b BV041875850
|
| 029 |
1 |
|
|a GBVCP
|b 790200619
|
| 029 |
1 |
|
|a NZ1
|b 15916396
|
| 035 |
|
|
|a (OCoLC)828679953
|
| 050 |
|
4 |
|a G70.212
|b .L267 2011
|
| 082 |
0 |
4 |
|a 910.285
|2 23
|
| 049 |
|
|
|a MAIN
|
| 100 |
1 |
|
|a Langlois, Patrice.
|
| 245 |
1 |
0 |
|a Simulation of complex systems in GIS /
|c Patrice Langlois.
|
| 264 |
|
1 |
|a London :
|b ISTE ;
|c 2011.
|
| 264 |
|
1 |
|a Hoboken, NJ :
|b Wiley,
|c 2011.
|
| 300 |
|
|
|a 1 online resource
|
| 336 |
|
|
|a text
|b txt
|2 rdacontent
|
| 337 |
|
|
|a computer
|b c
|2 rdamedia
|
| 338 |
|
|
|a online resource
|b cr
|2 rdacarrier
|
| 505 |
0 |
|
|a The Structure of the Geographic Space. The Structure of the Geographic Space -- Structure and System Concepts -- Space and Geometry -- Topological Structures: How Objects are Organized in Spatial Systems -- Matter and Geographical Objects -- Time and Dynamics -- Spatial Interaction -- Conclusion: Stages of the Ontogenesis. Conclusion: Stages of the Ontogenesis -- Modeling through Cellular Automata. Concept and Formalization of a CA -- Examples of Geographic Cellular Automaton Models -- Conclusion. Conclusion -- A General Model of Geographic Agent Systems. A General Model of Geographic Agent Systems -- Theoretical Approach of an Integrated Simulation Platform -- A Formal Ontology of Geographic Agent Systems.
|
| 504 |
|
|
|a Includes bibliographical references and index.
|
| 588 |
0 |
|
|a Title page of PDF version; (Wiley Online Library; viewed on Feb. 28, 2013).
|
| 650 |
|
0 |
|a Geography
|x Simulation methods.
|
| 650 |
|
0 |
|a Geographic information systems.
|
| 650 |
|
7 |
|a Geographic information systems.
|2 fast
|0 (OCoLC)fst00940423
|
| 650 |
|
7 |
|a Geography
|x Simulation methods.
|2 fast
|0 (OCoLC)fst00940519
|
| 655 |
|
4 |
|a Electronic books.
|
| 856 |
4 |
0 |
|u https://doi.org/10.1002/9781118557761
|z Full Text via HEAL-Link
|
| 994 |
|
|
|a 92
|b DG1
|